00548nam a2200181 a 4500001001300000003000900013005001700022008004100039020002300080082001500103100002200118245003400140260004400174300000900218500003500227505007300262650003100335nice12345678IN_TiNIC20260116013853.0050524s1999 mica grp 000 0 eng  a0802818 c80500a227.1bSOD aSoderlund, Sven K aRomans and the People of God. aMichiganbWilliam B.Eerdmans Pub c1999 a311p aincludes index and biblioraphy2 aessays in honor of Gordon D Fee on the occasion of his 65th birthday aBible N.T. Epistles Romans